Útközben Erzsébet királynéval

Bibliographic Details
Other Authors: Tolnayné Kiss, Mária (upr, auv, Compiler)
Format: Book
Language:Hungarian
PhysicalDescription:149 s. 23 cm
Published: [Budapest] Argumentum 1998
ISBN:9634460879
Subjects:

MARC

LEADER 00000nam a2200000 a 4500
001 vtls001399848
003 SK-MaSNL
005 20260301161830.0
008 251124s1998 HU a rb 0 hun
020 |a 9634460879  |c [375,00] 
035 |a SNK000354314 
040 |a SNK  |b slo  |c SNK  |e AACR2 
044 |a HU 
080 |a 929 Alžbeta (cis. rakúska)  |2 1981 
080 |a 809.451.1-6 Alžbeta (cis. rakúska)  |2 1981 
245 1 |a Útközben Erzsébet királynéval  |c válogatta, sajtó alá rendezte, bevezetővel és összekötő szöveggel, valamint jegyzetekkel ellátta Tolnayné Kiss Mária 
260 |a [Budapest]  |b Argumentum  |c 1998 
300 |a 149 s.  |c 23 cm 
600 0 |a Alžbeta,  |c cisárovná, manželka Františka Jozefa I., rakúskeho cisára,  |d 1837-1898  |2 SNK  |9 83094 
700 1 |a Tolnayné Kiss, Mária  |4 upr  |4 auv  |4 zos  |9 525435 
919 |a 963-446-087-9 
999 |c 810970  |d 812900 
952 |t P60, <04>, [BOOK], {604}  |a SNK  |b SNK  |y VYP  |7 0  |p 17A0260306  |o snkIC 129106  |i snkV 2071/2000  |0 0  |1 0  |4 0  |d 2000-12-15  |l 0  |r 2005-01-02 00:00:00  |w 2026-02-24